000 00802nam a2200289 a 4500
003 AR-BaBNM
005 20251128204932.0
008 082120s2002 ||||||||||||||000 | spa||
020 _a950-0086-08-5
040 _cAR-BaBNM
100 1 _aDorfman, Adolfo
245 0 0 _aHistoria de la industria argentina
250 _a1ª ed.
260 _aBuenos Aires
_bEdiciones Solar
_c1982
300 _a401 p.
_btablas, gráfs.
490 0 _aDimensión argentina
500 _aAbarca desde los orígenes hasta el año 1930
650 4 _aHISTORIA ARGENTINA
650 4 _aPERIODO HISPANICO
650 4 _aPERIODO INDEPENDIENTE
650 4 _aHISTORIA ECONOMICA
650 4 _aDESARROLLO ECONOMICO
651 4 _aArgentina
800 1 _aWeinberg, Gregorio
_edirector
942 _cBK
998 _cEnrique
999 _c9396
_d9396